Name the Members of these Famous Bands - Statistics

General Stats
  • This quiz has been taken 103 times
  • The average score is 21 of 70
Answer Stats
Hint Answer % Correct
The Beatles John Lennon
96%
Queen Freddie Mercury
93%
The Beatles Paul McCartney
93%
The Beatles Ringo Starr
90%
Nirvana Kurt Cobain
89%
The Beatles George Harrison
83%
Bon Jovi Jon Bon Jovi
81%
Guns N' Roses Axl Rose
80%
U2 Bono
75%
Queen Brian May
75%
The Police Sting
73%
Nirvana Dave Grohl
71%
Guns N' Roses Slash
71%
Aerosmith Steven Tyler
70%
Led Zeppelin Robert Plant
69%
Maroon 5 Adam Levine
67%
Coldplay Chris Martin
67%
The Doors Jim Morrison
67%
Led Zeppelin Jimmy Page
61%
U2 The Edge
57%
Led Zeppelin John Bonham
50%
Led Zeppelin John Paul Jones
48%
Queen Roger Taylor
46%
The Police Stewart Copeland
36%
Queen John Deacon
35%
Aerosmith Joe Perry
33%
The Police Andy Summers
31%
U2 Larry Mullen Jr.
30%
Nirvana Krist Novoselic
24%
The Doors Ray Manzarek
24%
Bon Jovi Richie Sambora
24%
U2 Adam Clayton
21%
The Doors Robby Krieger
15%
Guns N' Roses Duff McKagan
14%
Bon Jovi Tico Torres
11%
The Doors John Densmore
10%
Aerosmith Tom Hamilton
10%
Aerosmith Brad Whitford
7%
Coldplay Guy Berryman
7%
Coldplay Will Champion
7%
Aerosmith Joey Kramer
6%
Imagine Dragons Dan Reynolds
5%
Bon Jovi Phil X
5%
Bon Jovi Alec John Such
4%
Bon Jovi David Bryan
4%
U2 Dik Evans
4%
Coldplay Jonny Buckland
4%
Imagine Dragons Ben McKee
2%
Guns N' Roses Dizzy Reed
2%
Imagine Dragons Daniel Platzman
1%
Bon Jovi Hugh McDonald
1%
Maroon 5 James Valentine
1%
The Doors Patricia Sullivan
1%
Coldplay Phil Harvey
1%
Aerosmith Rick Dufay
1%
Imagine Dragons Wayne Sermon
1%
Bon Jovi Dave Sabo
0%
Guns N' Roses Frank Ferrer
0%
The Police Henry Padovani
0%
U2 Ivan McCormick
0%
Maroon 5 Jesse Carmichael
0%
Aerosmith Jimmy Crespo
0%
Maroon 5 Matt Flynn
0%
Guns N' Roses Melissa Reese
0%
Maroon 5 Mickey Madden
0%
Maroon 5 PJ Morton
0%
Aerosmith Ray Tabano
0%
Guns N' Roses Richard Fortus
0%
Maroon 5 Ryan Dusick
0%
Maroon 5 Sam Farrar
0%
No matching quizzes found
Score Distribution
Percent of People with Each Score
Percentile by Number Answered
Your Score History
You have not taken this quiz